Traditional Indian textiles / (Record no. 352501)

000 -LEADER
fixed length control field 00734 a2200229 4500
003 - CONTROL NUMBER IDENTIFIER
control field OSt
005 - DATE AND TIME OF LATEST TRANSACTION
control field 20180116192337.0
008 - FIXED-LENGTH DATA ELEMENTS--GENERAL INFORMATION
fixed length control field 120524t xxu||||| |||| 00| 0 eng d
010 ## - LIBRARY OF CONGRESS CONTROL NUMBER
LC control number 90070203
020 ## - INTERNATIONAL STANDARD BOOK NUMBER
International Standard Book Number 0500014914 :
040 ## - CATALOGING SOURCE
Transcribing agency 0
082 00 - DEWEY DECIMAL CLASSIFICATION NUMBER
Classification number 746.0954
100 1# - MAIN ENTRY--PERSONAL NAME
Personal name Gillow, John.
9 (RLIN) 1833
245 10 - TITLE STATEMENT
Title Traditional Indian textiles /
Statement of responsibility, etc. John Gillow and Nicholas Barnard.
260 ## - PUBLICATION, DISTRIBUTION, ETC.
Place of publication, distribution, etc. New York :
Name of publisher, distributor, etc. Thames and Hudson,
Date of publication, distribution, etc. c1991.
300 ## - PHYSICAL DESCRIPTION
Extent 160 p. :
Other physical details ill. (some col.), maps ;
Dimensions 31 cm.
500 ## - GENERAL NOTE
General note Includes index
650 #0 - SUBJECT ADDED ENTRY--TOPICAL TERM
Topical term or geographic name entry element Textile fabrics
Geographic subdivision India
General subdivision Themes, motives.
9 (RLIN) 1834
700 1# - ADDED ENTRY--PERSONAL NAME
Personal name Barnard, Nicholas.
9 (RLIN) 1835
942 ## - ADDED ENTRY ELEMENTS (KOHA)
Institution code [OBSOLETE] SADA
Koha item type Book
Call number prefix 746.0954 GIL 1991
Source of classification or shelving scheme
Holdings
Withdrawn status Lost status Source of classification or shelving scheme Damaged status Not for loan Permanent Location Current Location Date acquired Total Checkouts Full call number Barcode Date last seen Cost, replacement price Price effective from Koha item type
          School of Art Design and Architecture (SADA) School of Art Design and Architecture (SADA) 02/02/2011   746.0954 GIL 1991 SADA0000567 08/05/2011 3251.00 08/05/2011 Book
© 2023 Central Library, National University of Sciences and Technology. All Rights Reserved.